| 000 | 00000nas##2200000za#4500 |
| 001 | 9.507185 |
| 003 | CaOODSP |
| 005 | 20220125145840 |
| 007 | cr ||||||||||| |
| 008 | 150406c1989||||xxc|| p o||||f| |0eng|d |
| 040 | |aCaOODSP|beng |
| 043 | |an-cn--- |
| 086 | 1 |aD3-11E-PDF |
| 110 | 1 |aCanada. |bDepartment of National Defence. |
| 245 | 10|aDefence update ... presented to the House of Commons Standing Committee on National Defence |h[electronic resource] |
| 260 | |aOttawa - Ontario : |bNational Defence |
| 310 | |aAnnual |
| 362 | 1 |a1988-89 -- |
| 690 | 07|aDefence policy|2gcpds |
| 775 | 08|tLe point sur les questions de défense ... à l'intention du Comité permanent de la Défense nationale (Chambre des communes) |w(CaOODSP)9.503574 |